Państwa jednowyrazowe z dwoma "i" - Statystyki

Ogólne statystyki
  • Ten quiz został rozwiązany 365 razy
    352 od ostatniego zresetowania
  • Średni wynik to 16 z 23
Statystyki odpowiedzi
Kontynent Państwo % Poprawnych
Europa Hiszpania
85%
Europa Irlandia
85%
Europa Islandia
83%
Oceania Kiribati
83%
Azja Indie
81%
Europa Finlandia
78%
Ameryka Północna Dominika
76%
Ameryka Południowa Boliwia
75%
Ameryka Północna Dominikana
75%
Ameryka Północna Haiti
72%
Afryka Libia
72%
Oceania Fidżi
70%
Afryka Algieria
69%
Europa Liechtenstein
69%
Afryka Nigeria
68%
Afryka Etiopia
67%
Azja Kirgistan
65%
Afryka Namibia
63%
Afryka Dżibuti
61%
Azja Filipiny
61%
Afryka Mauritius
60%
Afryka Eswatini
57%
Afryka Liberia
57%
Nie znaleziono quizów pasujących do podanych kryteriów
Rozkład punktacji
Procent ludzi z każdym wynikiem
Percentyl według liczby udzielonych odpowiedzi
Twoja historia wyników
Nie rozwiązałeś tego quizu od ostatniego zresetowania